00722nam a22002177a 4500003000500000005001700005008004100022010000900063011000900072035000900081040000900090100002100099245010900120260008100229300001900310490002400329500001000353650004500363710007200408830002400480CHAP20220329133335.0971013s1990 r 00010 d a5150 a6122 a5340 cCHAP00aGapasin, Dely P. aDecentralizing agricultural research managementb: the case of the regional consortia in the Philippines aThe Hague :bInternational Service for National Agricultural Research,c1990 a27 p.b: ilus. aWorking paperv; 34 a56-9514aAgriculturaxInvestigaciónxFilipinas.0 aServicio Internacional para la Investigación Agrícola Nacional.0 aWorking paperv; 34